000 00297nam a2200121Ia 4500
008 190216s9999||||xx |||||||||||||| ||und||
100 _aAcharya Chandra Sekhara Sastri
245 0 _aHindi- Arogya Jeevan
260 _bJanachethana Prakasan
_c2003
300 _a208
650 _aHindi
942 _cBK
999 _c16107
_d16107